000 01137cam a2200289 i 4500
001 16740
003 DO-SdUEMH
005 20251230203047.0
007 ta
008 211105s2009 ag |||gr|||| 000 0 spa|d
020 _a9789508920232
040 _aDO-SdUEMH
_bspa
_erda
041 _aspa
082 1 4 _mCG
_a174.2 B516E
_bB515e
084 _b10-00270
100 _aBerlinguer, Giovanni
_eaut
245 1 0 _aÉtica de la Salud /
_cGiovanni Berlinguer
264 0 1 _aBuenos Aires, Argentina :
_bLugar editorial, S.A.,
_c1994
264 4 _c©1994
300 _a112 paginas ;
_c23 cm
336 _2rdacontent
_atexto
_btxt
337 _2rdamedia
_asin mediación
_bn
338 _2rdacarrier
_avolumen
_bnc
505 1 _aIntroducción -- Prólogo -- Ética y biótica -- Salud para todos o para pocos -- La medicina usurpará la vida -- Erosión y amplificación de la ética médica -- ¿Existe un derecho a la asistencia? -- La equidad en la salud -- Las prioridades en la medicina y la prioridad de la salud -- Ética de la prevención -- ¿Cuál salud y cuál contrato entre medicina y sociedad?
942 _2ddc
_cBK
_n0
999 _c16740
_d16740